| 000 | 00509nam a2200181Ia 4500 | ||
|---|---|---|---|
| 008 | 240925s9999 xx 000 0 und d | ||
| 020 | _aNA | ||
| 082 | _a004.67 RAN | ||
| 100 | _aEuropa Publications | ||
| 245 | 4 | _aThe Internet Around the World in 21 days Teach Yourself | |
| 250 | _a1st | ||
| 260 |
_aLondon: _bEurope Publication _c,1994. |
||
| 300 |
_a0 _bNA _fOriginal |
||
| 500 | _aIncludes Index | ||
| 600 | _aComputer Science | ||
| 650 | _aComputer science, information & general works | ||
| 942 | _cBK | ||
| 999 |
_c2758 _d2758 |
||